000 00552nam a22001817a 4500
005 20251108172050.0
008 250721s9999 xx 000 0 ara d
082 1 4 _a613.7/روا
100 1 _aالرواجبة، عايدة
_eمؤلف
245 1 0 _aالرياضة و الريجيم الغذائي يحافظان على شبابك /
264 1 _aبيروت :
_bدار اليوسف،
300 _a101ص.
650 1 7 _aاللياقة البدنية
650 1 7 _aالريجيم
650 1 7 _aالرشاقة
942 _2ddc
_cBK
999 _c69548
_d69548